Application of Modern Information Technology in Innovation of Business Logistic Processes
Identifikácia vplyvu vybraných informačných technológií na vybrané logistické procesy. Logistika, ako základ pre zavádzanie nových moderných technológií v dôsledku digitalizácie, prechod na vyspelé výrobné systémy a diferenciácia ponuky pruduktov. Výsledky prieskumu, uskutočneného v 85 slovenských p...
Salvato in:
| Autore principale: | |
|---|---|
| Altri autori: | , , |
| Natura: | Capitolo di libro |
| Lingua: | inglese |
| Soggetti: | |
| Tags: |
Nessun Tag, puoi essere il primo ad aggiungerne!!
|
MARC
| LEADER | 00000naa a2200000 4500 | ||
|---|---|---|---|
| 001 | 0257336 | ||
| 005 | 20240627113541.5 | ||
| 041 | 0 | |a eng | |
| 044 | |a CZ | ||
| 245 | 1 | 0 | |a Application of Modern Information Technology in Innovation of Business Logistic Processes |c Anita Romanová, Patrik Richnák, Klaudia Porubanová, Vladimír Bolek |
| 520 | |a Identifikácia vplyvu vybraných informačných technológií na vybrané logistické procesy. Logistika, ako základ pre zavádzanie nových moderných technológií v dôsledku digitalizácie, prechod na vyspelé výrobné systémy a diferenciácia ponuky pruduktov. Výsledky prieskumu, uskutočneného v 85 slovenských podnikoch a štatistické vyhodnotenie prieskumu, ktoré dané predpoklady potvrdzujú. Bariéry v zavádzaní nových technológií v logistike podnikov. Vplyv priemyslu 4.0. | ||
| 610 | 2 | 0 | |a technológie informačné |
| 610 | 2 | 0 | |a technológie nové |
| 610 | 2 | 0 | |a inovácie technologické |
| 610 | 2 | 0 | |a logistika podniková |
| 610 | 2 | 0 | |a logistika |
| 610 | 2 | 0 | |a priemysel 4.0 |
| 610 | 2 | 0 | |a digitalizácia |
| 610 | 2 | 0 | |a produkty |
| 610 | 2 | 0 | |a Slovensko |
| 100 | 1 | |a Romanová, Anita, 1973- | |
| 700 | 1 | |a Richnák, Patrik, 1988- | |
| 700 | 1 | |a Porubanová, Klaudia | |
| 700 | 1 | |a Bolek, Vladimír, 1988- | |